[Event "Nis op"]
[Site "Nis"]
[Date "2016.07.05"]
[Round "8"]
[White "Maksimovic, Suzana"]
[Black "Tuna, Alp"]
[Result "0-1"]
[WhiteElo "2144"]
[BlackElo "2034"]
[PlyCount "104"]
[EventDate "2016.06.28"]
[EventType "swiss"]
[EventRounds "9"]
[EventCountry "YUG"]
[SourceTitle "CBM 173 Extra"]
[Source "ChessBase"]
[SourceDate "2016.08.29"]
[SourceVersion "1"]
[SourceVersionDate "2016.08.29"]
[SourceQuality "1"]

1. Nf3 d5 2. g3 c6 3. Bg2 Bg4 4. 0-0 Nd7 5. d4 e6 6. Nbd2 Ngf6 7. Re1 Be7 8. e4 dxe4 9. Nxe4 Nxe4 10. Rxe4 Nf6 11. Re1 0-0 12. h3 Bh5 13. c3 Rc8 14. Qb3 Qb6 15. Ne5 Bg6 16. Bg5 Rfd8 17. Nc4 Qa6 18. a4 Bc2 19. Qxc2 Qxc4 20. Re5 Qa6 21. a5 b5 22. b4 h6 23. Bd2 Nd5 24. Rae1 Qb7 25. h4 Bf6 26. Rh5 g6 27. Rxh6 Bg7 28. h5 Bxh6 29. Bxh6 Kh7 30. Bg5 Rg8 31. Be4 Ne7 32. Kg2 f5 33. Bf3 gxh5 34. Qd2 Qd7 35. Bxh5 Kg7 36. Bh6+ Kf6 37. Qe3 Ng6 38. Bg5+ Kf7 39. Rh1 Rh8 40. Bh6 Rcg8 41. Qg5 Qd8 42. Qe3 Rh7 43. Kg1 Rgh8 44. Bg5 Qd5 45. g4 fxg4 46. Qf4+ Qf5 47. Qc7+ Kg8 48. Qd8+ Qf8 49. Bxg6 Rxh1+ 50. Kg2 Qxd8 51. Bxd8 Kg7 52. Be4 Re1 0-1

[Event "Nis op"]
[Site "Nis"]
[Date "2016.07.04"]
[Round "7"]
[White "Tuna, Alp"]
[Black "Bozinovic, Boban"]
[Result "1-0"]
[WhiteElo "2034"]
[BlackElo "1969"]
[PlyCount "67"]
[EventDate "2016.06.28"]
[EventType "swiss"]
[EventRounds "9"]
[EventCountry "YUG"]
[SourceTitle "CBM 173 Extra"]
[Source "ChessBase"]
[SourceDate "2016.08.29"]
[SourceVersion "1"]
[SourceVersionDate "2016.08.29"]
[SourceQuality "1"]

1. e4 c5 2. Nf3 d6 3. d4 cxd4 4. Nxd4 Nf6 5. Nc3 g6 6. Be3 Bg7 7. f3 0-0 8. Qd2 Nc6 9. g4 Nxd4 10. Bxd4 Be6 11. h4 Qa5 12. h5 Rfc8 13. a3 Rc6 14. h6 Bh8 15. b4 Qd8 16. Bb5 a5 17. Bxc6 bxc6 18. Rb1 axb4 19. axb4 Nd7 20. Bxh8 Kxh8 21. Qd4+ f6 22. Kf2 Qb6 23. Qxb6 Nxb6 24. Ra1 Rb8 25. Ra7 Nc8 26. Rc7 Kg8 27. Ra1 Kf7 28. Rxc6 Rxb4 29. Ra8 Rb2 30. Nd5 Bxd5 31. exd5 Nb6 32. Rb8 Nc4 33. Rxb2 Nxb2 34. f4 1-0

[Event "Nis op"]
[Site "Nis"]
[Date "2016.06.30"]
[Round "3"]
[White "Tuna, Alp"]
[Black "Livaja, Mario"]
[Result "0-1"]
[WhiteElo "2034"]
[BlackElo "2252"]
[PlyCount "90"]
[EventDate "2016.06.28"]
[EventType "swiss"]
[EventRounds "9"]
[EventCountry "YUG"]
[SourceTitle "CBM 173 Extra"]
[Source "ChessBase"]
[SourceDate "2016.08.29"]
[SourceVersion "1"]
[SourceVersionDate "2016.08.29"]
[SourceQuality "1"]

1. Nf3 c5 2. e4 e6 3. g3 Nc6 4. Bg2 Qc7 5. 0-0 Nf6 6. Re1 d6 7. c3 Be7 8. d4 e5 9. h3 0-0 10. a4 a6 11. Na3 Rb8 12. Bf1 Re8 13. Nc4 Bf8 14. Bg5 Nxe4 15. Rxe4 d5 16. Re1 dxc4 17. Nxe5 Nxe5 18. Rxe5 Rxe5 19. dxe5 Be6 20. Bg2 h6 21. Be3 Rd8 22. Qe2 Qxe5 23. Bxb7 a5 24. Bg2 Rd3 25. Qf3 Qb8 26. Qe2 Qb3 27. Be4 Rd8 28. g4 Qb8 29. Kg2 Qe5 30. Bd4 Qf4 31. Be5 Qg5 32. f4 Qe7 33. f5 Bd5 34. Bxd5 Rxd5 35. Re1 Qb7 36. Kh2 Qc6 37. Bf4 Rd3 38. Qe4 Qxa4 39. f6 g5 40. Bg3 Qc2+ 41. Re2 Qd1 42. Be1 Qc1 43. Qxc4 Rf3 44. Bg3 Qf1 45. Re4 Rd3 0-1

[Event "Veliko Gradiste Silver Lake op"]
[Site "Veliko Gradiste"]
[Date "2016.06.20"]
[Round "2"]
[White "Bozic, Milan"]
[Black "Tuna, Alp"]
[Result "1-0"]
[WhiteElo "2439"]
[BlackElo "2034"]
[PlyCount "116"]
[EventDate "2016.06.19"]
[EventType "swiss"]
[EventRounds "9"]
[EventCountry "SRB"]
[SourceTitle "EXT 2017"]
[Source "ChessBase"]
[SourceDate "2016.10.25"]
[SourceVersion "1"]
[SourceVersionDate "2016.10.25"]
[SourceQuality "1"]

1. c4 c6 2. Nc3 d5 3. d4 Nf6 4. Nf3 dxc4 5. a4 Bf5 6. e3 e6 7. Bxc4 Bb4 8. 0-0 Nbd7 9. Qb3 a5 10. Na2 Bd6 11. h3 0-0 12. Nh4 Nb6 13. Nxf5 exf5 14. Bd3 g6 15. Nc3 Bb4 16. Rd1 Re8 17. Bd2 Nfd5 18. Rac1 Qe7 19. Re1 Qf6 20. Rcd1 Re7 21. Be2 Qd6 22. Bf3 Nf6 23. Rc1 Rae8 24. Red1 h5 25. d5 Ne4 26. Bxe4 fxe4 27. dxc6 bxc6 28. Be1 Qe6 29. Qc2 Rb7 30. Ne2 Bxe1 31. Rxe1 Nd5 32. Nd4 Nb4 33. Qd2 Qd5 34. Red1 Nd3 35. Rc2 c5 36. Nb5 Ree7 37. Qc3 c4 38. Qxa5 Ra7 39. Qb6 Reb7 40. Qf6 Ra5 41. b3 Kh7 42. Rxc4 Qf5 43. Qh4 Nb2 44. Nd6 Rd7 45. Rcd4 Rxd6 46. Rxd6 Nxd1 47. Rxd1 Rd5 48. Rb1 Rd2 49. b4 Qd5 50. a5 Qd3 51. Rf1 Rb2 52. Qf6 Qb3 53. a6 Ra2 54. Rc1 Qe6 55. Qxe6 fxe6 56. Rc7+ Kh6 57. a7 h4 58. Kh2 g5 1-0

[Event "Sarajevo Bosna op 46th"]
[Site "Sarajevo"]
[Date "2016.05.29"]
[Round "2"]
[White "Burovic, Ismet"]
[Black "Tuna, Alp"]
[Result "1-0"]
[WhiteElo "2377"]
[BlackElo "2034"]
[PlyCount "107"]
[EventDate "2016.05.28"]
[EventType "swiss"]
[EventRounds "9"]
[EventCountry "BIH"]
[SourceTitle "EXT 2019"]
[Source "ChessBase"]
[SourceDate "2018.10.10"]
[SourceVersion "1"]
[SourceVersionDate "2018.10.10"]
[SourceQuality "1"]

1. e4 c6 2. Nc3 d5 3. Nf3 Nf6 4. e5 Ne4 5. d3 Nxc3 6. bxc3 Bg4 7. h3 Bh5 8. g4 Bg6 9. Rb1 Qc7 10. Qe2 e6 11. Bg2 Be7 12. 0-0 Nd7 13. Nd4 h5 14. f4 hxg4 15. hxg4 0-0-0 16. f5 exf5 17. Bf4 Nc5 18. gxf5 Bh5 19. Qd2 Bg4 20. Bg3 g6 21. f6 Bf8 22. Qf2 Be6 23. Nb3 Nxb3 24. axb3 Qb6 25. Qxb6 axb6 26. Kf2 Bh6 27. Rh1 Bd2 28. c4 dxc4 29. bxc4 Bc3 30. Rxh8 Rxh8 31. Rh1 Rxh1 32. Bxh1 Bg4 33. Ke3 Bd1 34. d4 Kd7 35. Be4 Bb4 36. Bf4 Bf8 37. Bg5 Bg4 38. d5 Ba3 39. Kd2 Bc5 40. Kc3 Bh5 41. Bh6 Bg4 42. Kd3 Bh3 43. Ke2 Bd4 44. Bf4 g5 45. Bg3 Bg4+ 46. Kd3 Bc5 47. Be1 Bg1 48. Bb4 Bh2 49. Bd6 Bh3 50. e6+ Bxe6 51. dxe6+ Kxe6 52. Bxh2 Kxf6 53. Bc7 g4 54. Bxb6 1-0